000 00311nam a22001097a 4500
008 161205b xxu||||| |||| 00| 0 eng d
100 _aPouget, R.
245 _aLa fabrication des timbres-poste francais
260 _aParis, France
_bImprimerie Nationale
_c1954
500 _3Photocopy
650 _aFrance | Production
999 _c2147
_d2147